| 000 | 00652nam a2200217 a 4500 | ||
|---|---|---|---|
| 003 | PILC | ||
| 005 | 20160226083849.0 | ||
| 008 | 080109s19uu xx 00 eng d | ||
| 020 | _a9780750663489 | ||
| 020 | _a0750663480 | ||
| 050 |
_aG 155.A1 _b.Sh11 2006 |
||
| 100 | _aShackley, Myra. | ||
| 245 |
_aAtlas of travel and tourism development / _cMyra Shackley. |
||
| 260 |
_aAmsterdam : _bButterworth-Heinemann, _c2006. |
||
| 300 |
_a194 pages : _bcolor illustrations ; _c28 cm. |
||
| 500 | _aIncludes bibliographical references and index. | ||
| 650 | _aTourism. | ||
| 650 | _aEconomic development. | ||
| 942 |
_cBK _2lcc _kFOR |
||
| 999 |
_c22712 _d22712 |
||